000 01018nam a2200265Ia 4500
003 OSt
005 20221005104114.0
006 a|||||r|||| 00| 0
007 ta
008 221004b |||||||| |||| 00| 0 san d
020 _a9789385538230 (pbk)
_cINR 150.00
024 _a34983
037 _b437/1, 11/09/2017, Vidyanidhi Prakashan
_cTextual
040 _aCRL
_cCRL
_bsan
041 _2san
_asan
082 _aQ2:494, 152Q7
100 _aमिश्रा, ऋतु, संपा.
245 0 _aभारद्वाज श्रौतसूत्रः आग्रयणेष्टि
246 _aBhāradvāj shrautasūtrah āgrayaṇeṣhṭi
260 _aदिल्ली
_bज्ञानभारती पब्लिकेशन्स भारत
_c2017
300 _a133पृ0
_ccm.
650 _aधर्म
942 _hQ2:494, 152Q7
_cTEXL
_2cc
999 _c1011729
_d1011729